|
|
|
|
| LEADER |
03530nam a2200421 a 4500 |
| 001 |
0021459 |
| 003 |
BD-DhAAL |
| 008 |
101107s2008 enk b 001 0 eng d |
| 010 |
|
|
|a 2007040470
|
| 020 |
|
|
|a 9781842778388 (pb : alk. paper)
|
| 020 |
|
|
|a 1842778382 (pb : alk. paper)
|
| 020 |
|
|
|a 9781842778371 (hb : alk. paper)
|
| 020 |
|
|
|a 1842778374 (hb : alk. paper)
|
| 020 |
|
|
|a 9788189884543
|
| 040 |
|
|
|a DLC
|c DLC
|d DLC
|d BD-DhAAL
|
| 082 |
0 |
0 |
|a 320.91724082
|2 22
|
| 100 |
1 |
|
|a Rai, Shirin M.
|9 59526
|
| 245 |
1 |
4 |
|a The gender politics of development :
|b essays in hope and despair /
|c Shirin M. Rai.
|
| 260 |
|
|
|a London ;
|a New York ;
|a New Delhi :
|b Zubaan/Zed Books,
|c 2008.
|
| 300 |
|
|
|a 216, p. ;
|c 22 cm
|
| 504 |
|
|
|a Includes bibliographical references and index.
|
| 505 |
0 |
|
|a Introduction -- Nationalism and nation-building -- Women and the postcolonial state -- Theorising gender and democratisation -- Mainstreaming gender, democratizing the state? -- Quotas in context -- Feminizing global governance -- Knowledge and/as power: a gendered critique of trips -- Networking across borders: new forms of feminist organising -- Conclusion - what hopes, why despair? -- Notes -- Bibliography -- Index.
|
| 526 |
|
|
|a ESS
|x A K Iftekharul Haque
Lecturer
Department of Economics and Social Sciences (ESS)
BRAC University
Course No. ECO 320
|
| 541 |
1 |
|
|e 00021459
|a Friends' Book Corner
|
| 650 |
|
0 |
|a Women in development.
|
| 650 |
|
0 |
|a Women
|x Political activity.
|
| 650 |
|
0 |
|a Feminism
|x Political aspects.
|9 59527
|
| 650 |
|
0 |
|a Women
|x Political activity
|z Developing countries.
|
| 650 |
|
0 |
|a Women
|x Political activity
|z India.
|
| 650 |
|
0 |
|a Democratization.
|
| 852 |
4 |
|
|a Ayesha Abed Library
|c General Stacks
|
| 942 |
|
|
|2 ddc
|c BK
|
| 999 |
|
|
|c 10044
|d 10044
|
| 952 |
|
|
|0 0
|1 0
|2 ddc
|4 0
|6 320_917240820000000_RAI
|7 0
|9 13180
|a BRACUL
|b BRACUL
|c GEN
|d 2010-11-07
|e Friends' Book Corner
|g 862.00
|l 1
|o 320.91724082 RAI
|p 3010021459
|r 2012-01-03
|s 2011-09-06
|t 1
|v 1724.00
|w 2010-11-07
|y BK
|x Requisitioned by A K Iftekharul Haque (Lecturer, Department of Economics and Social Sciences (ESS), BRAC University) for the course no. ECO 320.
|
| 952 |
|
|
|0 0
|1 0
|2 ddc
|4 0
|6 320_917240820000000_RAI
|7 0
|9 13181
|a BRACUL
|b BRACUL
|c GEN
|d 2010-11-07
|e Friends' Book Corner
|g 862.00
|l 1
|m 4
|o 320.91724082 RAI
|p 3010021460
|r 2014-11-13
|s 2014-10-16
|t 2
|v 1724.00
|w 2010-11-07
|y BK
|x Requisitioned by A K Iftekharul Haque (Lecturer, Department of Economics and Social Sciences (ESS), BRAC University) for the course no. ECO 320.
|
| 952 |
|
|
|0 0
|1 0
|2 ddc
|4 0
|6 320_917240820000000_RAI
|7 0
|9 13182
|a BRACUL
|b BRACUL
|c GEN
|d 2010-11-07
|e Friends' Book Corner
|g 862.00
|l 0
|o 320.91724082 RAI
|p 3010021461
|r 2010-11-07
|t 3
|v 1724.00
|w 2010-11-07
|y BK
|x Requisitioned by A K Iftekharul Haque (Lecturer, Department of Economics and Social Sciences (ESS), BRAC University) for the course no. ECO 320.
|
| 952 |
|
|
|0 0
|1 0
|2 ddc
|4 0
|6 320_917240820000000_RAI
|7 0
|9 13183
|a BRACUL
|b BRACUL
|c GEN
|d 2010-11-07
|e Friends' Book Corner
|g 862.00
|l 0
|o 320.91724082 RAI
|p 3010021462
|r 2010-11-07
|t 4
|v 1724.00
|w 2010-11-07
|y BK
|x Requisitioned by A K Iftekharul Haque (Lecturer, Department of Economics and Social Sciences (ESS), BRAC University) for the course no. ECO 320.
|
| 952 |
|
|
|0 0
|1 0
|2 ddc
|4 0
|6 320_917240820000000_RAI
|7 0
|9 13184
|a BRACUL
|b BRACUL
|c GEN
|d 2010-11-07
|e Friends' Book Corner
|g 862.00
|l 1
|m 4
|o 320.91724082 RAI
|p 3010021463
|r 2014-12-10
|s 2014-11-12
|t 5
|v 1724.00
|w 2010-11-07
|y BK
|x Requisitioned by A K Iftekharul Haque (Lecturer, Department of Economics and Social Sciences (ESS), BRAC University) for the course no. ECO 320.
|